| 000 | 01136cam a2200337 i 4500 | ||
|---|---|---|---|
| 001 | 41755 | ||
| 003 | Mx-PuUPA | ||
| 005 | 20250319152552.0 | ||
| 008 | 140415s1989 mx gr 001 0 spa d | ||
| 020 | _a968427159X | ||
| 040 |
_cMx-PuUPA _aMx-PuUPA _bspa _dMx-PuUPA _erda |
||
| 041 | 0 | _aspa | |
| 100 | 1 |
_aMartínez Heredia, Fernando, _d1939-2017 _916704 |
|
| 245 | 1 | 3 |
_aEl che y el socialismo / _cFernando Martínez Heredia |
| 250 | _aPrimera edición | ||
| 260 |
_a _b _c |
||
| 264 | 1 |
_aMéxico, D.F : _bEditorial Nuestro Tiempo ; _c1989 |
|
| 300 |
_a194 páginas ; _c18 cm |
||
| 336 |
_2rdacontent _atexto _btxt |
||
| 337 |
_2rdamedia _asin medio _bn |
||
| 338 |
_2rdacarrier _avolumen _bnc |
||
| 500 | _a"Premio Extraordinario Casa de las Américas 1989".-- Portada | ||
| 600 | 1 | 4 |
_aGuevara, Che, _y1928-1967 |
| 600 | 1 | 4 |
_aGuevara, Che, _xOpiniones políticas y sociales _y1928-1967 |
| 650 | 7 |
_aSocialismo _2armarc _913986 |
|
| 650 | 7 |
_aComunismo _2armarc _y1945 |
|
| 942 |
_2ddc _cLI _h 335.0098 _iM28 |
||
| 999 |
_c41755 _d41755 |
||